កម្មវិធីព្រៃឈើជាតិ ២០១០-២០២៩ (Record no. 9281)
[ view plain ]
| 000 -LEADER | |
|---|---|
| fixed length control field | 00284nam a22001217a 4500 |
| 040 ## - CATALOGING SOURCE | |
| Transcribing agency | HS |
| 082 ## - DEWEY DECIMAL CLASSIFICATION NUMBER | |
| Classification number | 565 |
| 100 ## - MAIN ENTRY--AUTHOR NAME | |
| Personal name | NA |
| 245 ## - TITLE STATEMENT | |
| Title | កម្មវិធីព្រៃឈើជាតិ ២០១០-២០២៩ |
| 260 ## - PUBLICATION, DISTRIBUTION, ETC. (IMPRINT) | |
| Place of publication | Cambodia |
| Name of publisher | NA |
| Year of publication | 2029 |
| 300 ## - PHYSICAL DESCRIPTION | |
| Number of Pages | 164p; |
| 942 ## - ADDED ENTRY ELEMENTS (KOHA) | |
| Koha item type | សៀវភៅភាសាខ្មែរ |
| 952 ## - LOCATION AND ITEM INFORMATION (KOHA) | |
| Withdrawn status [LOCAL, KOHA] | 0 |
| 952 ## - LOCATION AND ITEM INFORMATION (KOHA) | |
| Withdrawn status [LOCAL, KOHA] | 0 |
| Permanent Location | Date acquired | Koha item type | Lost status | Shelving location | Barcode | Current Location | Full call number |
|---|---|---|---|---|---|---|---|
| Library Block C | 2016-08-30 | សៀវភៅភាសាខ្មែរ | C174 | RUA43929 | Library Block C | 565 NA 2029 C174 | |
| Library Block C | 2016-08-30 | សៀវភៅភាសាខ្មែរ | C174 | RUA043176 | Library Block C | 565 NA 2029 C174 |